000 00461 a2200145 4500
999 _c8595
_d8595
020 _a1920113886
050 _aPL8745.08 NDO 2006
100 _aNdove, M. D.
_eauthor
245 _aNhentswani ya migaringeto :
_bswikholwa-kholwana ni swiyila swa vaTsonga /
_cM. D. Ndove
264 _aThohoyandou :
_bKalahari Productions and Booksellers,
_c2006
300 _av, 57p.
500 _aTsonga folklore
650 _aTsonga language
942 _2lcc
_cBK
_h8745.08
_iNDO
_kPL